000 00498nam a2200169Ia 4500
999 _c16112
_d16112
003 OSt
005 20200606115850.0
008 190216s9999||||xx |||||||||||||| ||und||
040 _cMESKC library
082 _a891.43
_bVAR/A
100 _aVarma, Niranjan
_9288
245 0 _aArya Samskruthi Visthar Aur Samgarsh /
_cNiranjan Varma
260 _bVidha Mandir Ltd,
_c1997.
_aNew Delhi:
300 _a209p
650 _aHindi
942 _cBK
_2ddc
_h891.43
_iVAR/A
_k891.43
_mVAR/A